[Event "IECC CL5-2012.09 email"]
[Site "IECC email"]
[Date "2012.11.25"]
[Round "?"]
[White "Hull, Kevin James"]
[Black "Garau, Bernard"]
[Result "0-1"]
[WhiteElo "1431"]
[BlackElo "1675"]
[PlyCount "54"]
[EventDate "2012.??.??"]
[EventType "tourn (corr)"]
[EventRounds "4"]
[SourceTitle "Telechess CBM 165"]
[Source "ChessBase"]
[SourceDate "2015.03.11"]
[SourceVersion "1"]
[SourceVersionDate "2015.03.11"]
[SourceQuality "1"]
[WhiteTeam "New Zealand"]
[BlackTeam "France"]
[WhiteTeamCountry "NZL"]
[BlackTeamCountry "FRA"]

1. e4 e6 2. d4 d5 3. Nc3 Nf6 4. e5 Nfd7 5. f4 c5 6. Nf3 Nc6 7. Be3 cxd4 8. Nxd4 Bc5 9. Qd2 0-0 10. g3 a6 11. Bg2 Nxd4 12. Bxd4 Bxd4 13. Qxd4 Qc7 14. 0-0 b6 15. Kh1 Bb7 16. Rae1 Rac8 17. f5 b5 18. Re2 Qc5 19. Qg4 f6 20. exf6 Nxf6 21. Qf3 b4 22. Na4 Qb5 23. b3 d4 24. Qd3 Bxg2+ 25. Kxg2 Nd5 26. Rf3 Ne3+ 27. Kh3 Rxf5 0-1

[Event "IECC CL5-2011.19 email"]
[Site "IECC email"]
[Date "2011.12.24"]
[Round "?"]
[White "Hull, Kevin James"]
[Black "Ciklabakkal, Metin"]
[Result "0-1"]
[WhiteElo "1477"]
[BlackElo "1472"]
[PlyCount "50"]
[EventDate "2011.??.??"]
[EventType "tourn (corr)"]
[EventRounds "4"]
[SourceTitle "Telechess CBM 165"]
[Source "ChessBase"]
[SourceDate "2015.03.11"]
[SourceVersion "1"]
[SourceVersionDate "2015.03.11"]
[SourceQuality "1"]
[WhiteTeam "New Zealand"]
[BlackTeam "Turkey"]
[WhiteTeamCountry "NZL"]
[BlackTeamCountry "TUR"]

1. e4 c5 2. Nf3 d6 3. c3 Nf6 4. h3 a6 5. Be2 Nc6 6. Qc2 e5 7. a4 d5 8. d3 Be7 9. 0-0 0-0 10. Bg5 h6 11. Bh4 Be6 12. Nbd2 Qc7 13. exd5 Nxd5 14. Bxe7 Ncxe7 15. Nc4 f6 16. Nfd2 Nf4 17. Bf3 Rad8 18. b3 Rxd3 19. Nb2 Rdd8 20. Ndc4 Neg6 21. Rad1 Nh4 22. Bg4 f5 23. g3 fxg4 24. Rxd8 Nxh3+ 25. Kh1 Qxd8 0-1

[Event "IECC CL5-2011.07 email"]
[Site "IECC email"]
[Date "2011.04.29"]
[Round "?"]
[White "Baker, Matthew JD"]
[Black "Hull, Kevin James"]
[Result "1-0"]
[WhiteElo "1557"]
[BlackElo "1480"]
[PlyCount "75"]
[EventDate "2011.??.??"]
[EventType "tourn (corr)"]
[EventRounds "4"]
[SourceTitle "Telechess CBM 149"]
[Source "ChessBase"]
[SourceDate "2012.07.17"]
[SourceVersion "1"]
[SourceVersionDate "2012.07.17"]
[SourceQuality "1"]
[WhiteTeam "US of America"]
[BlackTeam "New Zealand"]
[WhiteTeamCountry "USA"]
[BlackTeamCountry "NZL"]

1. e4 c5 2. c4 Nc6 3. Nc3 g6 4. d3 d6 5. g3 Bg7 6. Bg2 h5 7. h4 Nf6 8. Nge2 0-0 9. Bg5 Ng4 10. 0-0 f6 11. Bd2 Nge5 12. f4 Nxd3 13. Be3 Nxb2 14. Qd2 Nxc4 15. Qd5+ Kh8 16. Qxc4 a6 17. f5 Ne5 18. Qb3 b5 19. Nf4 Qe8 20. Ncd5 Ra7 21. Qd1 Kg8 22. a4 e6 23. Nxe6 Bxe6 24. fxe6 Qxe6 25. axb5 Kh7 26. Rxa6 Rxa6 27. bxa6 Rf7 28. Qb3 Qc8 29. Ra1 Ra7 30. Qb6 Qd7 31. Bf1 f5 32. Bb5 Qf7 33. Be8 Qxe8 34. Qxa7 Nf3+ 35. Kf2 Qe5 36. Rb1 Nh2 37. Rb7 Ng4+ 38. Ke2 1-0

[Event "IECC CL5-2011.07 email"]
[Site "IECC email"]
[Date "2011.04.29"]
[Round "?"]
[White "Philips, Justin"]
[Black "Hull, Kevin James"]
[Result "1-0"]
[WhiteElo "1580"]
[BlackElo "1491"]
[PlyCount "35"]
[EventDate "2011.??.??"]
[EventType "tourn (corr)"]
[EventRounds "4"]
[SourceTitle "Telechess CBM 149"]
[Source "ChessBase"]
[SourceDate "2012.07.17"]
[SourceVersion "1"]
[SourceVersionDate "2012.07.17"]
[SourceQuality "1"]
[WhiteTeam "India"]
[BlackTeam "New Zealand"]
[WhiteTeamCountry "IND"]
[BlackTeamCountry "NZL"]

1. d4 g6 2. e4 Bg7 3. Nf3 d6 4. Nc3 a6 5. Be2 e6 6. Be3 Nd7 7. Qd2 Ne7 8. Bh6 0-0 9. h4 b5 10. h5 Nb6 11. Bxg7 Kxg7 12. hxg6 fxg6 13. Qh6+ Kf7 14. Ng5+ Ke8 15. Nxh7 Rf7 16. Ng5 Rf8 17. Bg4 e5 18. Be6 1-0

[Event "IECC CL5-2011.02 email"]
[Site "IECC email"]
[Date "2011.01.31"]
[Round "?"]
[White "Hull, Kevin James"]
[Black "Hargreaves, John Richard"]
[Result "0-1"]
[WhiteElo "1522"]
[BlackElo "1559"]
[PlyCount "54"]
[EventDate "2011.??.??"]
[EventType "tourn (corr)"]
[EventRounds "4"]
[SourceTitle "Telechess CBM 149"]
[Source "ChessBase"]
[SourceDate "2012.07.17"]
[SourceVersion "1"]
[SourceVersionDate "2012.07.17"]
[SourceQuality "1"]
[WhiteTeam "New Zealand"]
[BlackTeam "England"]
[WhiteTeamCountry "NZL"]
[BlackTeamCountry "ENG"]

1. e4 e5 2. Nf3 Nf6 3. d4 Nxe4 4. Bd3 d5 5. Nxe5 Bd6 6. 0-0 0-0 7. c4 c6 8. Qc2 Na6 9. Bxe4 dxe4 10. Qxe4 Re8 11. Qc2 c5 12. Be3 cxd4 13. Bxd4 Bxe5 14. Bxe5 Rxe5 15. Nd2 Bf5 16. Qc3 Re7 17. Nf3 Qd3 18. a3 Qxc3 19. bxc3 Bd3 20. Rfe1 Rxe1+ 21. Rxe1 Bxc4 22. Nd4 Nc7 23. Re3 Nd5 24. Rg3 Re8 25. h3 Re1+ 26. Kh2 g6 27. h4 Re4 0-1

[Event "IECC CL5-2011.02 email"]
[Site "IECC email"]
[Date "2011.01.31"]
[Round "?"]
[White "Raba, Yosi"]
[Black "Hull, Kevin James"]
[Result "1/2-1/2"]
[WhiteElo "1558"]
[BlackElo "1483"]
[PlyCount "41"]
[EventDate "2011.??.??"]
[EventType "tourn (corr)"]
[EventRounds "4"]
[SourceTitle "Telechess CBM 145"]
[Source "Chessbase"]
[SourceDate "2011.11.11"]
[SourceVersion "1"]
[SourceVersionDate "2011.11.11"]
[SourceQuality "1"]
[WhiteTeam "Israel"]
[BlackTeam "New Zealand"]
[WhiteTeamCountry "ISR"]
[BlackTeamCountry "NZL"]

1. e4 c5 2. Nf3 g6 3. d4 cxd4 4. Nxd4 Bg7 5. c4 b6 6. Nc3 Bb7 7. Be2 d6 8. Be3 Nf6 9. Qc2 Nbd7 10. 0-0 0-0 11. Rad1 a6 12. f4 e5 13. Nb3 Qe7 14. fxe5 dxe5 15. Nd5 Nxd5 16. cxd5 Qd6 17. Bd3 Rac8 18. Qf2 f6 19. Qh4 Rc7 20. Qg3 Qb4 21. Qh3 1/2-1/2

[Event "IECC CL6-2010.11 email"]
[Site "IECC email"]
[Date "2010.10.11"]
[Round "?"]
[White "Hutton, Andrew D"]
[Black "Hull, Kevin James"]
[Result "0-1"]
[WhiteElo "1347"]
[BlackElo "1455"]
[PlyCount "94"]
[EventDate "2010.??.??"]
[EventType "tourn (corr)"]
[EventRounds "4"]
[SourceTitle "Telechess CBM 149"]
[Source "ChessBase"]
[SourceDate "2012.07.17"]
[SourceVersion "1"]
[SourceVersionDate "2012.07.17"]
[SourceQuality "1"]
[WhiteTeam "Hong Kong"]
[BlackTeam "New Zealand"]
[WhiteTeamCountry "HKG"]
[BlackTeamCountry "NZL"]

1. d4 g6 2. e4 Bg7 3. Nf3 d6 4. Nc3 a6 5. Be2 e6 6. Be3 Nd7 7. Qd2 h6 8. 0-0-0 b5 9. h4 Ngf6 10. d5 Nb6 11. Nd4 exd5 12. exd5 Bb7 13. Nc6 Bxc6 14. dxc6 Nc8 15. Bd4 0-0 16. Rh3 b4 17. Nd5 Nxd5 18. Bxg7 Kxg7 19. Qxd5 a5 20. Bd3 Nb6 21. Qd4+ Qf6 22. Qxf6+ Kxf6 23. Re1 Rae8 24. Rf3+ Kg7 25. Rfe3 Rxe3 26. Rxe3 Nd5 27. Re1 Nf6 28. Re7 Rc8 29. Ba6 Kf8 30. Rxf7+ Kxf7 31. Bxc8 d5 32. f3 Ke7 33. Kd2 Kd6 34. Bb7 Nh5 35. c3 bxc3+ 36. Kxc3 Nf4 37. b4 Nxg2 38. bxa5 Kc5 39. a6 Kb6 40. Bc8 Nxh4 41. Kd4 Nf5+ 42. Bxf5 gxf5 43. Kxd5 h5 44. Ke5 h4 45. Kf4 Kxc6 46. Ke3 Kb6 47. Kf2 c5 0-1

[Event "IECC CL5-2010.10 email"]
[Site "IECC email"]
[Date "2010.08.16"]
[Round "?"]
[White "D'Aragona, Vittoria"]
[Black "Hull, Kevin James"]
[Result "0-1"]
[WhiteElo "1426"]
[BlackElo "1387"]
[PlyCount "28"]
[EventDate "2010.??.??"]
[EventType "tourn (corr)"]
[EventRounds "4"]
[SourceTitle "Corr 2013"]
[Source "ChessBase"]
[SourceDate "2012.11.12"]
[SourceVersion "1"]
[SourceVersionDate "2012.11.12"]
[SourceQuality "1"]
[WhiteTeam "Italy"]
[BlackTeam "Greece"]
[WhiteTeamCountry "ITA"]
[BlackTeamCountry "GRE"]

1. e4 c6 2. d4 g6 3. Nc3 b5 4. a3 Bg7 5. Nf3 d6 6. Be2 Nd7 7. 0-0 Bb7 8. Bf4 Ngf6 9. e5 dxe5 10. Nxe5 0-0 11. Nxd7 Nxd7 12. Qd2 a6 13. f3 f6 14. Ne4 e5 0-1

[Event "IECC CL6-2009.29 email"]
[Site "IECC email"]
[Date "2009.12.16"]
[Round "?"]
[White "D'Aragona, Vittoria"]
[Black "Hull, Kevin James"]
[Result "1/2-1/2"]
[WhiteElo "1355"]
[BlackElo "1389"]
[PlyCount "53"]
[EventDate "2009.??.??"]
[EventType "tourn (corr)"]
[EventRounds "4"]
[SourceTitle "Telechess CBM 149"]
[Source "ChessBase"]
[SourceDate "2012.07.17"]
[SourceVersion "1"]
[SourceVersionDate "2012.07.17"]
[SourceQuality "1"]
[WhiteTeam "Italy"]
[BlackTeam "New Zealand"]
[WhiteTeamCountry "ITA"]
[BlackTeamCountry "NZL"]

1. e4 c6 2. d4 d5 3. exd5 cxd5 4. c4 Nf6 5. Nf3 Nc6 6. Be2 g6 7. 0-0 Bg7 8. Nc3 0-0 9. Ne5 Bf5 10. Nxc6 bxc6 11. Bf4 dxc4 12. Bxc4 Nd5 13. Be5 Nxc3 14. bxc3 Bxe5 15. dxe5 Qa5 16. Qe2 Qc5 17. e6 f6 18. Rad1 Bc2 19. Rd7 Ba4 20. h4 Bb5 21. Bxb5 cxb5 22. Rfd1 a6 23. R1d5 Qc6 24. h5 Rae8 25. Qe4 Qxc3 26. hxg6 Qc1+ 27. Rd1 1/2-1/2

[Event "IECC CL6-2009.29 email"]
[Site "IECC email"]
[Date "2009.12.16"]
[Round "?"]
[White "Hull, Kevin James"]
[Black "Stamate, Vlad"]
[Result "1-0"]
[WhiteElo "1404"]
[BlackElo "1162"]
[PlyCount "39"]
[EventDate "2009.??.??"]
[EventType "tourn (corr)"]
[EventRounds "4"]
[SourceTitle "Telechess CBM 149"]
[Source "ChessBase"]
[SourceDate "2012.07.17"]
[SourceVersion "1"]
[SourceVersionDate "2012.07.17"]
[SourceQuality "1"]
[WhiteTeam "New Zealand"]
[BlackTeam "US of America"]
[WhiteTeamCountry "NZL"]
[BlackTeamCountry "USA"]

1. e4 g6 2. d4 Bg7 3. Nc3 d6 4. Bg5 c6 5. Qd2 b5 6. 0-0-0 Qa5 7. Kb1 b4 8. Nce2 Nf6 9. f3 0-0 10. Nc1 Be6 11. Bh6 Rc8 12. Bxg7 Kxg7 13. Nge2 Qb6 14. Nf4 Bd7 15. e5 Nd5 16. Nxd5 cxd5 17. Qg5 e6 18. h4 Rg8 19. h5 Be8 20. hxg6 1-0

[Event "IECC CL6-2009.23 email"]
[Site "IECC email"]
[Date "2009.09.22"]
[Round "?"]
[White "Hull, Kevin James"]
[Black "D'Aragona, Vittoria"]
[Result "1-0"]
[WhiteElo "1375"]
[BlackElo "1353"]
[PlyCount "30"]
[EventDate "2009.??.??"]
[EventType "tourn (corr)"]
[EventRounds "4"]
[SourceTitle "Corr 2013"]
[Source "ChessBase"]
[SourceDate "2012.11.12"]
[SourceVersion "1"]
[SourceVersionDate "2012.11.12"]
[SourceQuality "1"]
[WhiteTeam "Italy"]
[BlackTeam "Germany"]
[WhiteTeamCountry "ITA"]
[BlackTeamCountry "GER"]

1. e4 e6 2. d4 d5 3. Nc3 Bb4 4. e5 Ne7 5. a3 Bxc3+ 6. bxc3 0-0 7. Nf3 b6 8. Bd3 h6 9. h4 Ba6 10. Bf4 Bxd3 11. Qxd3 c5 12. g4 Ng6 13. Be3 Nc6 14. h5 Nge7 15. Nh4 Qc7 1-0

[Event "IECC CL6-2009.06 email"]
[Site "IECC email"]
[Date "2009.04.07"]
[Round "?"]
[White "Radding, Marvin"]
[Black "Hull, Kevin James"]
[Result "0-1"]
[WhiteElo "1250"]
[BlackElo "1332"]
[PlyCount "50"]
[EventDate "2009.??.??"]
[EventType "tourn (corr)"]
[EventRounds "4"]
[SourceTitle "Corr 2011"]
[Source "ChessBase"]
[SourceDate "2010.08.31"]
[SourceVersion "1"]
[SourceVersionDate "2010.08.31"]
[SourceQuality "1"]
[WhiteTeam "US of America"]
[BlackTeam "New Zealand"]
[WhiteTeamCountry "USA"]
[BlackTeamCountry "NZL"]

1. e4 g6 2. f4 Bg7 3. Nf3 e6 4. d4 Ne7 5. Nc3 0-0 6. Be3 d6 7. Qd2 Nbc6 8. 0-0-0 a6 9. g4 f5 10. h3 fxe4 11. Nxe4 d5 12. Nc3 b5 13. Ne5 Qd6 14. Bg2 Bb7 15. h4 Na5 16. h5 Nc4 17. Qd3 Bxe5 18. fxe5 Qb4 19. Rdf1 Nxb2 20. Qd2 Nc4 21. Qe1 Qa3+ 22. Kd1 b4 23. Nb1 Nxe3+ 24. Kd2 Nxg2 25. Qe2 Qg3 0-1

[Event "IECC M1-2007.T84"]
[Site "IECC email"]
[Date "2007.12.12"]
[Round "?"]
[White "Cumiskey, Rob"]
[Black "Hull, Kevin James"]
[Result "1-0"]
[WhiteElo "1507"]
[BlackElo "1325"]
[PlyCount "49"]
[EventDate "2007.??.??"]
[EventType "match (corr)"]
[EventRounds "2"]
[SourceTitle "Corr 2020"]
[Source "ChessBase"]
[SourceDate "2019.09.30"]
[SourceVersion "1"]
[SourceVersionDate "2019.09.30"]
[SourceQuality "1"]
[WhiteTeam "England"]
[BlackTeam "New Zealand"]
[WhiteTeamCountry "ENG"]
[BlackTeamCountry "NZL"]

1. d4 g6 2. Nf3 Bg7 3. e4 e6 4. c3 Ne7 5. Bd3 0-0 6. 0-0 d5 7. Bf4 Nbc6 8. e5 f6 9. exf6 Rxf6 10. Qc1 Qf8 11. Bxc7 Rxf3 12. gxf3 Qxf3 13. Qe3 Qf7 14. Nd2 b6 15. Bg3 Nf5 16. Qe2 Bb7 17. Rae1 e5 18. dxe5 Qe6 19. f4 Nce7 20. Nf3 Nxg3 21. hxg3 Qg4 22. Kf2 Nf5 23. Bxf5 Qxf5 24. Nd4 Qc8 25. Qb5 1-0

[Event "IECC M1-2007.T83"]
[Site "IECC email"]
[Date "2007.12.12"]
[Round "?"]
[White "Hull, Kevin James"]
[Black "Alessandrini, Alfredo"]
[Result "1/2-1/2"]
[WhiteElo "1317"]
[BlackElo "1308"]
[PlyCount "46"]
[EventDate "2007.??.??"]
[EventType "match (corr)"]
[EventRounds "2"]
[SourceTitle "Corr 2020"]
[Source "ChessBase"]
[SourceDate "2019.09.30"]
[SourceVersion "1"]
[SourceVersionDate "2019.09.30"]
[SourceQuality "1"]
[WhiteTeam "New Zealand"]
[BlackTeam "Italy"]
[WhiteTeamCountry "NZL"]
[BlackTeamCountry "ITA"]

1. e4 d5 2. exd5 Qxd5 3. Nf3 Nf6 4. Nc3 Qd6 5. d4 a6 6. Bg5 Nc6 7. d5 Ne5 8. Be2 Bg4 9. Nxe5 Qxe5 10. Bxf6 exf6 11. 0-0 Bd6 12. g3 Bxe2 13. Qxe2 Qxe2 14. Nxe2 0-0-0 15. c4 Rhe8 16. Nc3 Bb4 17. Nd1 Re2 18. a3 Bc5 19. Nc3 Rc2 20. Rac1 Bxf2+ 21. Kg2 Rxc1 22. Rxc1 Bd4 23. Nd1 Re8 1/2-1/2

[Event "IECC M-5276"]
[Site "IECC email"]
[Date "2005.07.09"]
[Round "?"]
[White "Ringbom, Pasi"]
[Black "Hull, Kevin James"]
[Result "1/2-1/2"]
[WhiteElo "1284"]
[BlackElo "1220"]
[PlyCount "116"]
[EventDate "2005.??.??"]
[EventType "tourn (corr)"]
[EventRounds "10"]
[SourceTitle "Corr 2020"]
[Source "ChessBase"]
[SourceDate "2019.09.30"]
[SourceVersion "1"]
[SourceVersionDate "2019.09.30"]
[SourceQuality "1"]
[WhiteTeam "Finland"]
[BlackTeam "New Zealand"]
[WhiteTeamCountry "FIN"]
[BlackTeamCountry "NZL"]

1. e4 c5 2. Nf3 d6 3. Bb5+ Nd7 4. d4 Ngf6 5. Nc3 cxd4 6. Qxd4 e5 7. Qd3 h6 8. Be3 Be7 9. 0-0 a6 10. Bc4 Qc7 11. Nd5 Nxd5 12. Bxd5 Nf6 13. Bb3 Bd7 14. h3 Bb5 15. c4 Bc6 16. Nd2 0-0 17. f4 b6 18. f5 Qb7 19. Bc2 b5 20. b3 Rad8 21. Rf3 d5 22. exd5 Nxd5 23. cxd5 Rxd5 24. Qe2 Rxd2 25. Bxd2 Bc5+ 26. Kh1 Bxf3 27. gxf3 Bd4 28. Rd1 b4 29. Qg2 Qb6 30. Bd3 a5 31. Rc1 Bc3 32. Rg1 Qf6 33. Bxc3 bxc3 34. Bc4 Kh7 35. Qc2 Rd8 36. Bxf7 Qxf7 37. f6+ g6 38. Qxc3 Rd6 39. Re1 Rxf6 40. Re3 e4 41. Kg2 Rxf3 42. Rxf3 Qxf3+ 43. Qxf3 exf3+ 44. Kxf3 Kg7 45. a3 Kf6 46. b4 axb4 47. axb4 Ke5 48. b5 Kd5 49. Kf4 Kc5 50. Ke5 Kxb5 51. Kf6 h5 52. Kxg6 h4 53. Kg5 Kc5 54. Kxh4 Kd6 55. Kg5 Ke7 56. Kg6 Kf8 57. Kh7 Kf7 58. Kh6 Kg8 1/2-1/2